000 00609nam a2200253Ia 4500
003 OSt
005 20220924153208.0
006 a|||||r|||| 00| 0
007 ta
008 220923b |||||||| |||| 00| 0 guj d
024 _a347184
037 _cTextual
040 _aARTS
_cARTS
_bguj
041 _2guj
_aguj
082 _aO156,6x, G3
100 _aChohan Au.
_9228273
245 0 _aSorabh
260 _c1933
300 _a138p.
_ccm.
650 _a GUJRATI LITERATURE
650 _aGUJRATI FICTION
942 _hO156,6x, G3
_cTEXL
_2CC
999 _c472670
_d472670